| 000 | 00415nam a2200157Ia 4500 | ||
|---|---|---|---|
| 008 | 130318s9999 xx 000 0 und d | ||
| 020 | _a8178081016 | ||
| 082 | _a004.62 RIC/T | ||
| 100 | _aRichard Stevens, W | ||
| 245 | _aTCP/IP illustrated 1: The protocols. Vol 1 | ||
| 260 |
_bPearson Education _aNew Delhi _c2001 |
||
| 300 | _a576 | ||
| 650 | _aCOMPUTER NETWORKS | ||
| 650 | _aNETWORK PROTOCOL | ||
| 650 | _aTCP/IP | ||
| 999 |
_c406 _d406 |
||